000 nam a22 7a 4500
999 _c233635
_d233635
003 Nust
005 20170309122415.0
008 170309b xxu||||| |||| 00| 0 eng d
040 _cDLC
082 _a363.73874 BHA
100 _aBhargava,Gopal
245 _aGlobal Warming and Climate Changes : Transparency and Accountability vol.2/
942 _2ddc
_cBK